Najpopularniejsze polskie kluby sportowe - Statystyki

Ogólne statystyki
  • Ten quiz został rozwiązany 996 razy
  • Średni wynik to 8 z 15
Statystyki odpowiedzi
miejsce klub % Poprawnych
1. Legia Warszawa
99%
2. Lech Poznań
96%
3. Wisła Kraków
84%
6. Lechia Gdańsk
70%
8. Pogoń Szczecin
63%
4. Śląsk Wrocław
59%
11. Widzew Łódź
55%
10. Górnik Zabrze
53%
14. Arka Gdynia
51%
12. Ruch Chorzów
50%
13. Jagiellonia Białystok
48%
15. Korona Kielce
30%
9. Skra Bełchatów
8%
5. Vive Kielce
6%
7. Asseco Resovia
2%
Nie znaleziono quizów pasujących do podanych kryteriów
Rozkład punktacji
Procent ludzi z każdym wynikiem
Percentyl według liczby udzielonych odpowiedzi
Twoja historia wyników
Nie rozwiązałeś tego quizu